| 000 -LEADER |
| fixed length control field |
00514cam a2200169 a 4500 |
| 020 ## - INTERNATIONAL STANDARD BOOK NUMBER |
| ISBN |
0070494207 (acidfree paper) |
| 040 ## - CATALOGING SOURCE |
| Transcribing agency |
DLC |
| 082 00 - DEWEY DECIMAL CLASSIFICATION NUMBER |
| Classification number |
810 HIL 1999 A086 Or. |
| 245 04 - TITLE STATEMENT |
| Title |
The American tradition in literature / |
| 250 ## - EDITION STATEMENT |
| Edition statement |
9th ed., shorter ed. in one vol. |
| 260 ## - PUBLICATION, DISTRIBUTION, ETC. (IMPRINT) |
| Place of publication |
Boston : |
| Name of publisher |
McGraw-Hill, |
| Year of publication |
c1999. |
| 300 ## - PHYSICAL DESCRIPTION |
| Number of Pages |
xxxii, 2128 p., [12] p. of plates : |
| Other physical details |
ill. (some col.) ; |
| Dimensions |
24 cm. |
| 650 #0 - SUBJECT ADDED ENTRY--TOPICAL TERM |
| Topical Term |
American literature. |
| 700 1# - ADDED ENTRY--PERSONAL NAME |
| Personal name |
Perkins, George B., |
| 700 1# - ADDED ENTRY--PERSONAL NAME |
| Personal name |
Perkins, Barbara, |
| 942 ## - ADDED ENTRY ELEMENTS (KOHA) |
| Koha item type |
សៀវភៅភាសាអង់គ្លេស |
| 952 ## - LOCATION AND ITEM INFORMATION (KOHA) |
| Withdrawn status [LOCAL, KOHA] |
0 |